00865nas a2200229Ia 4500001001100000003000900011008004100020040001300061040001300074041001300087100004500100210001400145222001400159245009100173250001100264260005000275501008600325300001700411362004400428500012700472650003600599R007/G8024IT-RoPAU151124c99999999xx |||||||||||| ||und|| aIT-RoPAU cIT-RoPAU aITALIANO aTassi FabriziogCodice Aut. SPICS: 50490 aCINEFORUM aCineforum aCINEFORUM, ANNO 41-N.407 (AGOSTO/SETTEMBRE 2001)bVengo-Demone Flamenco di Tony Gatlif a1a ed. aBERGAMObFEDERAZIONE ITALIANA CINEFORUMc2001 bPaulus - SPICS - Società San Paolo EM (non-commercial uses only)cCopyright2015 a3 p. [35-37] aANNO 041, N.407 (AGOSTO/SETTEMBRE 2001) aScheda, Trama e Recensione del Film, Uscito in Francia e Spagna nel 2000. Passioni Gitane in Andalusia. Il Sud della Vita. aCINEMAvPUBBLICAZIONE PERIODICA